[Event "ODJM A 2025"]
[Site "Willingen GER"]
[Date "2025.06.13"]
[Round "8"]
[White "Vortmeier, Jan"]
[Black "Weber, Samuel"]
[Result "1-0"]
[Termination "normal"]
[Board "3"]
[BlackTitle "FM"]
[WhiteElo "2039"]
[BlackElo "2262"]
[WhiteClock "00:15:50"]
[BlackClock "00:01:17"]
[PlyCount "119"]
[WhiteFideId "16261321"]
[BlackFideId "12924008"]
[EventCountry "GER"]
[EventRounds "9"]
[EventType "swiss"]
[EventDate "2025.06.07"]

1. Nf3 {[%clk 01:30:58]} Nf6 {[%clk 01:30:26]} {[%emt 00:00:35]} 2. g3 {[%clk
01:31:18]} {[%emt 00:00:10]} g6 {[%clk 01:30:50]} {[%emt 00:00:07]} 3. b3
{[%clk 01:30:51]} {[%emt 00:00:57]} Bg7 {[%clk 01:30:55]} {[%emt 00:00:25]} 4.
Bb2 {[%clk 01:31:14]} {[%emt 00:00:07]} O-O {[%clk 01:31:17]} {[%emt 00:00:09]}
5. Bg2 {[%clk 01:31:28]} {[%emt 00:00:16]} b6 {[%clk 01:27:17]} {[%emt
00:04:31]} 6. O-O {[%clk 01:28:43]} {[%emt 00:03:13]} Bb7 {[%clk 01:26:51]}
{[%emt 00:00:57]} 7. c4 {[%clk 01:28:06]} {[%emt 00:01:08]} e6 {[%clk
01:23:07]} {[%emt 00:04:13]} 8. Nc3 {[%clk 01:21:56]} {[%emt 00:06:40]} c5
{[%clk 01:18:47]} {[%emt 00:04:51]} 9. Qc2 {[%clk 01:17:16]} {[%emt 00:05:09]}
d6 {[%clk 01:17:09]} {[%emt 00:02:07]} 10. Rad1 {[%clk 01:13:16]} {[%emt
00:04:30]} a6 {[%clk 01:06:34]} {[%emt 00:11:06]} 11. d4 {[%clk 01:07:23]}
{[%emt 00:06:23]} cxd4 {[%clk 01:05:36]} {[%emt 00:01:28]} 12. Rxd4 {[%clk
01:04:13]} {[%emt 00:03:40]} Qc7 {[%clk 01:01:44]} {[%emt 00:04:21]} 13. Rfd1
{[%clk 00:51:49]} {[%emt 00:12:54]} Rd8 {[%clk 00:58:43]} {[%emt 00:03:32]} 14.
Qd2 {[%clk 00:48:41]} {[%emt 00:03:39]} Ne8 {[%clk 00:49:02]} {[%emt 00:10:10]}
15. Rh4 {[%clk 00:44:52]} {[%emt 00:04:18]} Nd7 {[%clk 00:42:29]} {[%emt
00:07:04]} 16. Ng5 {[%clk 00:33:55]} {[%emt 00:11:27]} h6 {[%clk 00:32:06]}
{[%emt 00:10:53]} 17. Nf3 {[%clk 00:16:34]} {[%emt 00:17:50]} g5 {[%clk
00:26:21]} {[%emt 00:06:15]} 18. Nxg5 {[%clk 00:13:12]} {[%emt 00:03:51]} hxg5
{[%clk 00:26:22]} {[%emt 00:00:31]} 19. Qxg5 {[%clk 00:13:14]} {[%emt
00:00:28]} Bxg2 {[%clk 00:24:14]} {[%emt 00:02:38]} 20. Nd5 {[%clk 00:07:39]}
{[%emt 00:06:04]} f6 {[%clk 00:13:08]} {[%emt 00:11:36]} 21. Rh8+ {[%clk
00:05:04]} {[%emt 00:03:06]} Kxh8 {[%clk 00:12:25]} {[%emt 00:01:13]} 22. Qh5+
{[%clk 00:05:27]} {[%emt 00:00:06]} Kg8 {[%clk 00:12:09]} {[%emt 00:00:47]} 23.
Nxc7 {[%clk 00:00:52]} {[%emt 00:05:06]} Nxc7 {[%clk 00:12:24]} {[%emt
00:00:14]} 24. Kxg2 {[%clk 00:01:13]} {[%emt 00:00:09]} Nf8 {[%clk 00:06:48]}
{[%emt 00:06:05]} 25. e4 {[%clk 00:00:55]} {[%emt 00:00:48]} b5 {[%clk
00:05:23]} {[%emt 00:01:55]} 26. Ba3 {[%clk 00:00:47]} {[%emt 00:00:39]} bxc4
{[%clk 00:04:48]} {[%emt 00:01:06]} 27. Bxd6 {[%clk 00:00:58]} {[%emt
00:00:18]} c3 {[%clk 00:01:42]} {[%emt 00:03:36]} 28. Bxc7 {[%clk 00:01:11]}
{[%emt 00:00:17]} Rxd1 {[%clk 00:00:33]} {[%emt 00:01:38]} 29. Qxd1 {[%clk
00:01:35]} {[%emt 00:00:06]} Rc8 {[%clk 00:01:01]} {[%emt 00:00:02]} 30. Qd6
{[%clk 00:01:06]} {[%emt 00:00:59]} f5 {[%clk 00:00:52]} {[%emt 00:00:40]} 31.
e5 {[%clk 00:01:25]} {[%emt 00:00:11]} c2 {[%clk 00:01:14]} {[%emt 00:00:08]}
32. Qc5 {[%clk 00:00:53]} {[%emt 00:01:02]} Bxe5 {[%clk 00:01:40]} {[%emt
00:00:04]} 33. Qxc2 {[%clk 00:01:12]} {[%emt 00:00:10]} Rxc7 {[%clk 00:02:07]}
{[%emt 00:00:03]} 34. Qe2 {[%clk 00:01:26]} {[%emt 00:00:16]} Bd4 {[%clk
00:02:06]} {[%emt 00:00:31]} 35. Qd3 {[%clk 00:01:17]} {[%emt 00:00:39]} Bf6
{[%clk 00:00:59]} {[%emt 00:01:37]} 36. Qxa6 {[%clk 00:01:38]} {[%emt
00:00:10]} Rc2 {[%clk 00:01:23]} {[%emt 00:00:06]} 37. Qa4 {[%clk 00:01:07]}
{[%emt 00:01:01]} Kf7 {[%clk 00:00:56]} {[%emt 00:00:57]} 38. b4 {[%clk
00:01:25]} {[%emt 00:00:11]} Rd2 {[%clk 00:01:14]} {[%emt 00:00:12]} 39. Qa7+
{[%clk 00:01:09]} {[%emt 00:00:47]} Nd7 {[%clk 00:01:18]} {[%emt 00:00:25]} 40.
a4 {[%clk 00:01:13]} {[%emt 00:00:26]} Ke7 {[%clk 00:00:42]} {[%emt 00:01:05]}
41. Qe3 {[%clk 00:30:12]} {[%emt 00:01:32]} Rd5 {[%clk 00:25:42]} {[%emt
00:05:30]} 42. a5 {[%clk 00:30:03]} {[%emt 00:00:39]} Bd4 {[%clk 00:24:35]}
{[%emt 00:01:37]} 43. Qb3 {[%clk 00:28:01]} {[%emt 00:02:33]} Ba7 {[%clk
00:17:30]} {[%emt 00:07:34]} 44. b5 {[%clk 00:27:25]} {[%emt 00:01:07]} Bc5
{[%clk 00:17:58]} {[%emt 00:00:02]} 45. Qc3 {[%clk 00:23:10]} {[%emt 00:04:44]}
Rd4 {[%clk 00:16:12]} {[%emt 00:02:16]} 46. b6 {[%clk 00:22:21]} {[%emt
00:01:20]} Ra4 {[%clk 00:13:09]} {[%emt 00:03:32]} 47. b7 {[%clk 00:18:54]}
{[%emt 00:03:57]} Ba7 {[%clk 00:12:55]} {[%emt 00:00:44]} 48. Qd2 {[%clk
00:17:01]} {[%emt 00:02:23]} Rd4 {[%clk 00:10:10]} {[%emt 00:03:15]} 49. Qg5+
{[%clk 00:17:07]} {[%emt 00:00:24]} Kd6 {[%clk 00:09:49]} {[%emt 00:00:50]} 50.
h4 {[%clk 00:17:11]} {[%emt 00:00:27]} f4 {[%clk 00:07:04]} {[%emt 00:03:15]}
51. h5 {[%clk 00:17:07]} {[%emt 00:00:35]} fxg3 {[%clk 00:06:42]} {[%emt
00:00:52]} 52. Qxg3+ {[%clk 00:16:30]} {[%emt 00:01:07]} Kc6 {[%clk 00:05:40]}
{[%emt 00:01:31]} 53. h6 {[%clk 00:16:23]} {[%emt 00:00:38]} Bb8 {[%clk
00:02:28]} {[%emt 00:03:42]} 54. Qc3+ {[%clk 00:15:39]} {[%emt 00:01:13]} Kd5
{[%clk 00:02:38]} {[%emt 00:00:20]} 55. h7 {[%clk 00:15:24]} {[%emt 00:00:46]}
Be5 {[%clk 00:02:45]} {[%emt 00:00:22]} 56. Qb3+ {[%clk 00:15:38]} {[%emt
00:00:15]} Kc6 {[%clk 00:01:04]} {[%emt 00:02:12]} 57. b8=Q {[%clk 00:14:44]}
{[%emt 00:01:23]} Nxb8 {[%clk 00:01:11]} {[%emt 00:00:24]} 58. Qxe6+ {[%clk
00:15:09]} {[%emt 00:00:05]} Bd6 {[%clk 00:01:00]} {[%emt 00:00:42]} 59. h8=Q
{[%clk 00:15:31]} {[%emt 00:00:07]} Rb4 {[%clk 00:01:17]} {[%emt 00:00:13]} 60.
Qhc8+ {[%clk 00:15:50]} {[%emt 00:00:12]} 1-0

[Event "ODJM A 2025"]
[Site "Willingen GER"]
[Date "2025.06.13"]
[Round "8"]
[White "Köhler, Lukas"]
[Black "Winkler, Yonathan"]
[Result "1/2-1/2"]
[Termination "normal"]
[Board "4"]
[WhiteElo "2043"]
[BlackElo "2201"]
[WhiteClock "00:19:25"]
[BlackClock "01:15:06"]
[PlyCount "103"]
[WhiteFideId "16221990"]
[BlackFideId "16266080"]
[EventCountry "GER"]
[EventRounds "9"]
[EventType "swiss"]
[EventDate "2025.06.07"]

1. e4 {[%clk 01:30:38]} {[%emt 00:00:21]} c5 {[%clk 01:30:53]} {[%emt
00:00:08]} 2. Nf3 {[%clk 01:30:58]} {[%emt 00:00:10]} e6 {[%clk 01:31:15]}
{[%emt 00:00:08]} 3. d4 {[%clk 01:30:47]} {[%emt 00:00:41]} cxd4 {[%clk
01:31:38]} {[%emt 00:00:07]} 4. Nxd4 {[%clk 01:31:08]} {[%emt 00:00:09]} a6
{[%clk 01:32:03]} {[%emt 00:00:04]} 5. Bd3 {[%clk 01:31:06]} {[%emt 00:00:33]}
Bc5 {[%clk 01:32:25]} {[%emt 00:00:07]} 6. Nb3 {[%clk 01:31:21]} {[%emt
00:00:16]} Ba7 {[%clk 01:32:49]} {[%emt 00:00:06]} 7. Qg4 {[%clk 01:31:29]}
{[%emt 00:00:21]} Nf6 {[%clk 01:33:12]} {[%emt 00:00:07]} 8. Qg3 {[%clk
01:31:53]} {[%emt 00:00:06]} d6 {[%clk 01:33:32]} {[%emt 00:00:10]} 9. Nc3
{[%clk 01:32:01]} {[%emt 00:00:22]} Nc6 {[%clk 01:33:48]} {[%emt 00:00:16]} 10.
Bg5 {[%clk 01:31:49]} {[%emt 00:00:42]} Ne5 {[%clk 01:26:41]} {[%emt 00:07:37]}
11. Be2 {[%clk 01:27:38]} {[%emt 00:04:41]} Bb8 {[%clk 01:21:42]} {[%emt
00:05:28]} 12. O-O-O {[%clk 01:20:27]} {[%emt 00:07:42]} Ng6 {[%clk 01:14:19]}
{[%emt 00:07:52]} 13. h4 {[%clk 00:38:24]} {[%emt 00:42:34]} h5 {[%clk
01:12:04]} {[%emt 00:02:44]} 14. f4 {[%clk 00:34:16]} {[%emt 00:04:38]} Qc7
{[%clk 01:07:28]} {[%emt 00:05:06]} 15. Bxf6 {[%clk 00:25:28]} {[%emt
00:09:18]} gxf6 {[%clk 01:07:29]} {[%emt 00:00:29]} 16. f5 {[%clk 00:25:23]}
{[%emt 00:00:37]} Nf8 {[%clk 01:05:13]} {[%emt 00:02:44]} 17. Qg7 {[%clk
00:23:45]} {[%emt 00:02:09]} Rh7 {[%clk 01:05:41]} {[%emt 00:00:01]} 18. Qxf6
{[%clk 00:23:54]} {[%emt 00:00:20]} b5 {[%clk 01:04:16]} {[%emt 00:01:58]} 19.
fxe6 {[%clk 00:21:00]} {[%emt 00:03:23]} fxe6 {[%clk 01:04:21]} {[%emt
00:00:24]} 20. Qg5 {[%clk 00:20:25]} {[%emt 00:01:05]} Qe7 {[%clk 01:03:12]}
{[%emt 00:01:40]} 21. Bxh5+ {[%clk 00:20:28]} {[%emt 00:00:27]} Kd8 {[%clk
01:03:37]} {[%emt 00:00:05]} 22. Qxe7+ {[%clk 00:19:41]} {[%emt 00:01:17]} Kxe7
{[%clk 01:04:05]} {[%emt 00:00:03]} 23. Be2 {[%clk 00:13:29]} {[%emt 00:06:41]}
b4 {[%clk 01:02:37]} {[%emt 00:01:58]} 24. Nb1 {[%clk 00:13:37]} {[%emt
00:00:22]} Ba7 {[%clk 01:02:21]} {[%emt 00:00:46]} 25. N1d2 {[%clk 00:09:16]}
{[%emt 00:04:50]} Bb7 {[%clk 00:59:59]} {[%emt 00:02:52]} 26. Na5 {[%clk
00:09:01]} {[%emt 00:00:46]} Rb8 {[%clk 00:59:37]} {[%emt 00:00:52]} 27. Nxb7
{[%clk 00:08:58]} {[%emt 00:00:32]} Rxb7 {[%clk 01:00:06]} 28. Bxa6 {[%clk
00:08:43]} {[%emt 00:00:47]} Rc7 {[%clk 01:00:36]} 29. Bd3 {[%clk 00:03:32]}
{[%emt 00:05:41]} e5 {[%clk 01:01:00]} {[%emt 00:00:06]} 30. Rdf1 {[%clk
00:02:24]} {[%emt 00:01:37]} Rg7 {[%clk 01:01:00]} {[%emt 00:00:30]} 31. Rh2
{[%clk 00:01:43]} {[%emt 00:01:12]} Ne6 {[%clk 01:01:26]} {[%emt 00:00:04]} 32.
Kd1 {[%clk 00:00:44]} {[%emt 00:01:29]} Nf4 {[%clk 01:01:31]} {[%emt 00:00:25]}
33. Rf3 {[%clk 00:00:33]} {[%emt 00:00:41]} Nxg2 {[%clk 01:00:10]} {[%emt
00:01:49]} 34. h5 {[%clk 00:00:40]} {[%emt 00:00:24]} Ne3+ {[%clk 01:00:08]}
{[%emt 00:00:32]} 35. Ke2 {[%clk 00:00:32]} {[%emt 00:00:38]} Nxc2 {[%clk
01:00:21]} {[%emt 00:00:17]} 36. Nb3 {[%emt 00:00:33]} Nd4+ {[%clk 00:57:56]}
{[%emt 00:02:52]} 37. Nxd4 {[%clk 00:00:57]} {[%emt 00:00:05]} Bxd4 {[%clk
00:58:25]} {[%emt 00:00:02]} 38. h6 {[%clk 00:01:14]} {[%emt 00:00:13]} Rh7
{[%clk 00:58:48]} {[%emt 00:00:06]} 39. Kd1 {[%clk 00:00:49]} {[%emt 00:00:55]}
Rc8 {[%clk 00:54:49]} {[%emt 00:04:30]} 40. Bb5 {[%clk 00:00:34]} {[%emt
00:00:45]} Rch8 {[%clk 00:54:18]} {[%emt 00:01:00]} 41. Rfh3 {[%clk 00:28:56]}
{[%emt 00:02:09]} Kf6 {[%clk 01:21:27]} {[%emt 00:03:21]} 42. Kc2 {[%clk
00:26:28]} {[%emt 00:02:57]} Kg5 {[%clk 01:13:07]} {[%emt 00:08:50]} 43. Kb3
{[%clk 00:25:06]} {[%emt 00:01:53]} Bc5 {[%clk 01:13:11]} {[%emt 00:00:25]} 44.
Bc6 {[%clk 00:24:27]} {[%emt 00:01:10]} Rxh6 {[%clk 01:12:10]} {[%emt
00:01:31]} 45. Rxh6 {[%clk 00:24:19]} {[%emt 00:00:37]} Rxh6 {[%clk 01:12:34]}
{[%emt 00:00:07]} 46. Rxh6 {[%clk 00:24:35]} {[%emt 00:00:14]} Kxh6 {[%clk
01:13:03]} {[%emt 00:00:01]} 47. a4 {[%clk 00:18:54]} {[%emt 00:06:11]} bxa3
{[%clk 01:13:31]} {[%emt 00:00:01]} 48. bxa3 {[%clk 00:19:15]} {[%emt
00:00:09]} Kg6 {[%clk 01:13:57]} {[%emt 00:00:04]} 49. a4 {[%clk 00:19:31]}
{[%emt 00:00:15]} Kf6 {[%clk 01:14:23]} {[%emt 00:00:04]} 50. Kc4 {[%clk
00:19:12]} {[%emt 00:00:49]} Ke7 {[%clk 01:14:42]} {[%emt 00:00:10]} 51. Kb5
{[%clk 00:19:29]} {[%emt 00:00:14]} Kd8 {[%clk 01:15:06]} {[%emt 00:00:07]} 52.
Bd5 {[%clk 00:19:25]} {[%emt 00:00:32]} 1/2-1/2

[Event "ODJM A 2025"]
[Site "Willingen GER"]
[Date "2025.06.13"]
[Round "8"]
[White "Weidenhöfer, Max"]
[Black "Walter, Richard"]
[Result "1-0"]
[Termination "normal"]
[Board "5"]
[WhiteTitle "CM"]
[WhiteElo "2170"]
[BlackElo "2041"]
[WhiteClock "00:57:11"]
[BlackClock "01:07:35"]
[PlyCount "39"]
[WhiteFideId "16230566"]
[BlackFideId "34620028"]
[EventCountry "GER"]
[EventRounds "9"]
[EventType "swiss"]
[EventDate "2025.06.07"]

1. e4 {[%clk 01:30:49]} {[%emt 00:00:11]} c6 {[%clk 01:30:57]} {[%emt
00:00:04]} 2. d4 {[%clk 01:30:33]} {[%emt 00:00:45]} d5 {[%clk 01:31:23]}
{[%emt 00:00:04]} 3. Nc3 {[%clk 01:30:55]} {[%emt 00:00:08]} dxe4 {[%clk
01:31:49]} {[%emt 00:00:05]} 4. Nxe4 {[%clk 01:31:21]} {[%emt 00:00:04]} Nf6
{[%clk 01:32:12]} {[%emt 00:00:07]} 5. Nxf6+ {[%clk 01:31:46]} {[%emt
00:00:04]} exf6 {[%clk 01:32:38]} {[%emt 00:00:05]} 6. c3 {[%clk 01:32:09]}
{[%emt 00:00:06]} Bd6 {[%clk 01:33:05]} {[%emt 00:00:05]} 7. Bd3 {[%clk
01:32:32]} {[%emt 00:00:06]} O-O {[%clk 01:33:29]} {[%emt 00:00:05]} 8. Qc2
{[%clk 01:32:58]} {[%emt 00:00:05]} Re8+ {[%clk 01:33:55]} {[%emt 00:00:04]} 9.
Ne2 {[%clk 01:33:22]} {[%emt 00:00:05]} h5 {[%clk 01:34:22]} {[%emt 00:00:04]}
10. O-O {[%clk 01:33:45]} {[%emt 00:00:07]} h4 {[%clk 01:34:49]} {[%emt
00:00:03]} 11. h3 {[%clk 01:34:10]} {[%emt 00:00:04]} Nd7 {[%clk 01:35:12]}
{[%emt 00:00:08]} 12. Bd2 {[%clk 01:34:34]} {[%emt 00:00:06]} Nf8 {[%clk
01:35:36]} {[%emt 00:00:06]} 13. Rae1 {[%clk 01:34:57]} {[%emt 00:00:07]} Qc7
{[%clk 01:34:38]} {[%emt 00:01:28]} 14. f4 {[%clk 01:21:05]} {[%emt 00:14:22]}
g6 {[%clk 01:29:46]} {[%emt 00:05:22]} 15. f5 {[%clk 01:19:49]} {[%emt
00:01:46]} g5 {[%clk 01:30:10]} {[%emt 00:00:05]} 16. c4 {[%clk 01:11:55]}
{[%emt 00:08:25]} c5 {[%clk 01:15:02]} {[%emt 00:15:38]} 17. Nc3 {[%clk
01:02:23]} {[%emt 00:10:02]} Rxe1 {[%clk 01:09:58]} {[%emt 00:05:34]} 18. Rxe1
{[%clk 01:02:14]} {[%emt 00:00:38]} cxd4 {[%clk 01:10:04]} {[%emt 00:00:26]}
19. Nd5 {[%clk 00:59:25]} {[%emt 00:03:16]} Qd8 {[%clk 01:07:35]} {[%emt
00:03:01]} 20. Re8 {[%clk 00:57:11]} {[%emt 00:02:43]} 1-0

[Event "ODJM A 2025"]
[Site "Willingen GER"]
[Date "2025.06.13"]
[Round "8"]
[White "Meiwes, Thore"]
[Black "Mimkes, Antal"]
[Result "1-0"]
[Termination "normal"]
[Board "6"]
[WhiteElo "2139"]
[BlackElo "2074"]
[WhiteClock "00:24:11"]
[BlackClock "00:23:13"]
[PlyCount "111"]
[WhiteFideId "16201256"]
[BlackFideId "16265963"]
[EventCountry "GER"]
[EventRounds "9"]
[EventType "swiss"]
[EventDate "2025.06.07"]

1. d4 {[%clk 01:30:58]} {[%emt 00:00:02]} f5 {[%clk 01:30:43]} {[%emt
00:00:17]} 2. g3 {[%clk 01:31:22]} {[%emt 00:00:04]} Nf6 {[%clk 01:31:01]}
{[%emt 00:00:12]} 3. Bg2 {[%clk 01:31:48]} {[%emt 00:00:04]} g6 {[%clk
01:29:33]} {[%emt 00:02:00]} 4. Nf3 {[%clk 01:32:15]} {[%emt 00:00:02]} d6
{[%clk 01:29:58]} {[%emt 00:00:05]} 5. O-O {[%clk 01:32:35]} {[%emt 00:00:10]}
Bg7 {[%clk 01:30:22]} {[%emt 00:00:07]} 6. c4 {[%clk 01:33:00]} {[%emt
00:00:03]} O-O {[%clk 01:30:42]} {[%emt 00:00:11]} 7. Nc3 {[%clk 01:33:29]} c6
{[%clk 01:31:05]} {[%emt 00:00:07]} 8. b3 {[%clk 01:33:37]} {[%emt 00:00:22]}
e5 {[%clk 01:31:28]} {[%emt 00:00:08]} 9. dxe5 {[%clk 01:33:04]} {[%emt
00:01:02]} dxe5 {[%clk 01:31:52]} {[%emt 00:00:06]} 10. Ba3 {[%clk 01:33:19]}
{[%emt 00:00:15]} Qxd1 {[%clk 01:30:18]} {[%emt 00:02:04]} 11. Raxd1 {[%clk
01:33:38]} {[%emt 00:00:11]} Re8 {[%clk 01:30:40]} {[%emt 00:00:07]} 12. e4
{[%clk 01:33:54]} {[%emt 00:00:14]} a5 {[%clk 01:23:59]} {[%emt 00:07:12]} 13.
Rfe1 {[%clk 01:31:46]} {[%emt 00:02:37]} a4 {[%clk 01:19:06]} {[%emt 00:05:24]}
14. Bd6 {[%clk 01:31:03]} {[%emt 00:01:12]} axb3 {[%clk 01:19:17]} {[%emt
00:00:21]} 15. axb3 {[%clk 01:31:24]} {[%emt 00:00:08]} Nxe4 {[%clk 01:14:24]}
{[%emt 00:05:22]} 16. Nxe4 {[%clk 01:31:40]} {[%emt 00:00:14]} fxe4 {[%clk
01:14:50]} {[%emt 00:00:05]} 17. Ng5 {[%clk 01:30:12]} {[%emt 00:01:57]} Bg4
{[%clk 01:14:03]} {[%emt 00:01:17]} 18. Rb1 {[%clk 01:28:50]} {[%emt 00:01:52]}
Rd8 {[%clk 01:11:49]} {[%emt 00:02:46]} 19. Nxe4 {[%clk 01:27:44]} {[%emt
00:01:34]} Nd7 {[%clk 01:01:28]} {[%emt 00:10:52]} 20. h3 {[%clk 01:20:32]}
{[%emt 00:07:41]} Bf5 {[%clk 00:59:57]} 21. g4 {[%clk 01:20:16]} {[%emt
00:02:47]} Bxe4 {[%clk 00:56:44]} {[%emt 00:03:44]} 22. Bxe4 {[%clk 01:20:37]}
{[%emt 00:00:08]} Nf6 {[%clk 00:51:06]} {[%emt 00:06:08]} 23. Bxe5 {[%clk
01:00:35]} {[%emt 00:20:32]} Nxe4 {[%clk 00:51:26]} {[%emt 00:00:11]} 24. Rxe4
{[%clk 01:00:51]} {[%emt 00:00:14]} Re8 {[%clk 00:46:36]} {[%emt 00:05:21]} 25.
Rbe1 {[%clk 01:00:32]} {[%emt 00:00:48]} Bxe5 {[%clk 00:45:19]} {[%emt
00:01:48]} 26. Rxe5 {[%clk 01:00:52]} {[%emt 00:00:08]} Rxe5 {[%clk 00:42:01]}
{[%emt 00:03:49]} 27. Rxe5 {[%clk 01:01:20]} {[%emt 00:00:02]} Kf7 {[%clk
00:42:29]} 28. g5 {[%clk 00:59:53]} {[%emt 00:01:58]} Ra3 {[%clk 00:42:48]} 29.
Re3 {[%clk 01:00:11]} {[%emt 00:00:23]} Ra1+ {[%clk 00:34:45]} 30. Kg2 {[%clk
01:00:10]} {[%emt 00:09:04]} Rb1 {[%emt 00:00:36]} 31. Kf3 {[%clk 00:56:12]}
{[%emt 00:04:20]} Rb2 {[%clk 00:35:10]} {[%emt 00:00:07]} 32. Kg3 {[%clk
00:55:13]} {[%emt 00:01:28]} Rb1 {[%clk 00:35:16]} {[%emt 00:00:25]} 33. Kf4
{[%clk 00:54:34]} {[%emt 00:01:09]} Rb2 {[%clk 00:34:56]} {[%emt 00:00:52]} 34.
Ke5 {[%clk 00:52:09]} {[%emt 00:02:53]} Rd2 {[%clk 00:34:28]} {[%emt 00:00:58]}
35. Rf3+ {[%clk 00:40:45]} {[%emt 00:11:54]} Ke7 {[%clk 00:34:42]} {[%emt
00:00:16]} 36. Rf4 {[%clk 00:40:31]} {[%emt 00:00:43]} Re2+ {[%clk 00:29:59]}
{[%emt 00:05:15]} 37. Kd4 {[%clk 00:38:13]} {[%emt 00:02:45]} Rb2 {[%clk
00:24:46]} {[%emt 00:05:46]} 38. Kc3 {[%clk 00:36:46]} {[%emt 00:01:56]} Re2
{[%clk 00:24:13]} {[%emt 00:01:04]} 39. Rh4 {[%clk 00:36:24]} {[%emt 00:00:52]}
Rxf2 {[%clk 00:23:20]} {[%emt 00:01:23]} 40. Rxh7+ {[%clk 00:36:44]} {[%emt
00:00:08]} Ke6 {[%clk 00:22:29]} {[%emt 00:01:22]} 41. Rxb7 {[%clk 00:36:07]}
{[%emt 00:01:08]} c5 {[%clk 00:21:14]} {[%emt 00:01:45]} 42. Rb6+ {[%clk
00:32:26]} {[%emt 00:04:11]} Ke5 {[%clk 00:21:30]} 43. Rxg6 {[%clk 00:32:32]}
{[%emt 00:00:38]} Rf3+ {[%clk 00:21:55]} 44. Kb2 {[%clk 00:32:32]} Rxh3 {[%clk
00:21:55]} 45. Rc6 {[%clk 00:32:46]} {[%emt 00:00:55]} Rh2+ {[%clk 00:22:45]}
46. Ka3 {[%clk 00:33:07]} {[%emt 00:00:14]} Kd4 {[%clk 00:23:13]} {[%emt
00:00:03]} 47. Ka4 {[%clk 00:28:28]} {[%emt 00:05:09]} Rg2 {[%clk 00:23:35]}
{[%emt 00:00:07]} 48. Rd6 {[%clk 00:24:49]} {[%emt 00:04:10]} Kc3 {[%clk
00:23:33]} {[%emt 00:00:32]} 49. Rd5 {[%clk 00:24:54]} {[%emt 00:00:25]} Rb2
{[%clk 00:22:20]} {[%emt 00:01:43]} 50. Kb5 {[%clk 00:24:17]} {[%emt 00:01:06]}
Kxb3 {[%emt 00:00:21]} 51. Kxc5 {[%clk 00:24:33]} {[%emt 00:00:11]} Ka4 {[%clk
00:22:01]} {[%emt 00:01:02]} 52. Kd6 {[%clk 00:24:11]} {[%emt 00:00:51]} Rc2
{[%clk 00:22:11]} {[%emt 00:00:21]} 53. Ke7 {[%clk 00:23:25]} {[%emt 00:01:15]}
Rxc4 {[%clk 00:22:30]} {[%emt 00:00:11]} 54. g6 {[%clk 00:23:45]} {[%emt
00:00:10]} Rg4 {[%clk 00:22:49]} {[%emt 00:00:12]} 55. Kf6 {[%clk 00:23:53]}
{[%emt 00:00:21]} Rf4+ {[%clk 00:23:13]} {[%emt 00:00:07]} 56. Rf5 {[%clk
00:24:11]} {[%emt 00:00:11]} 1-0

[Event "ODJM A 2025"]
[Site "Willingen GER"]
[Date "2025.06.13"]
[Round "8"]
[White "Hofmann, Lorenz"]
[Black "Ellinger, Maximilian"]
[Result "1/2-1/2"]
[Termination "normal"]
[Board "7"]
[WhiteElo "2104"]
[BlackElo "2039"]
[WhiteClock "00:33:57"]
[BlackClock "00:32:04"]
[PlyCount "46"]
[WhiteFideId "12995509"]
[BlackFideId "34631003"]
[EventCountry "GER"]
[EventRounds "9"]
[EventType "swiss"]
[EventDate "2025.06.07"]

1. Nf3 {[%clk 01:30:57]} {[%emt 00:00:02]} Nf6 {[%clk 01:30:49]} {[%emt
00:00:11]} 2. c4 {[%clk 01:31:23]} {[%emt 00:00:04]} e6 {[%clk 01:30:46]}
{[%emt 00:00:34]} 3. g3 {[%clk 01:31:47]} {[%emt 00:00:06]} d5 {[%clk
01:30:57]} {[%emt 00:00:20]} 4. d4 {[%clk 01:32:10]} {[%emt 00:00:06]} dxc4
{[%clk 01:30:25]} {[%emt 00:01:02]} 5. Bg2 {[%clk 01:32:35]} {[%emt 00:00:05]}
Nc6 {[%clk 01:25:31]} {[%emt 00:05:25]} 6. O-O {[%clk 01:32:37]} {[%emt
00:00:26]} Rb8 {[%clk 01:24:31]} {[%emt 00:01:31]} 7. a4 {[%clk 01:30:12]}
{[%emt 00:02:56]} a6 {[%clk 01:11:45]} {[%emt 00:13:15]} 8. Na3 {[%clk
01:21:55]} {[%emt 00:08:46]} Bxa3 {[%clk 01:07:18]} {[%emt 00:04:58]} 9. bxa3
{[%clk 01:18:19]} {[%emt 00:04:06]} O-O {[%clk 01:02:31]} {[%emt 00:05:17]} 10.
Bb2 {[%clk 01:11:43]} {[%emt 00:07:06]} b6 {[%clk 00:57:15]} {[%emt 00:05:46]}
11. Qc2 {[%clk 01:03:55]} {[%emt 00:08:17]} Na5 {[%clk 00:52:17]} {[%emt
00:05:29]} 12. Ne5 {[%clk 00:49:49]} {[%emt 00:14:36]} Bb7 {[%clk 00:48:44]}
{[%emt 00:04:02]} 13. Bxb7 {[%clk 00:48:25]} {[%emt 00:01:53]} Rxb7 {[%clk
00:48:02]} {[%emt 00:01:13]} 14. Nxc4 {[%clk 00:47:12]} {[%emt 00:01:42]} Nxc4
{[%clk 00:45:00]} {[%emt 00:03:34]} 15. Qxc4 {[%clk 00:47:39]} {[%emt
00:00:01]} a5 {[%clk 00:44:29]} {[%emt 00:01:02]} 16. Qc6 {[%clk 00:46:01]}
{[%emt 00:02:09]} Qd5 {[%clk 00:43:03]} {[%emt 00:01:55]} 17. Rac1 {[%clk
00:45:44]} {[%emt 00:00:46]} Rd8 {[%clk 00:41:49]} {[%emt 00:01:45]} 18. f3
{[%clk 00:42:31]} {[%emt 00:03:43]} Qxc6 {[%clk 00:38:49]} {[%emt 00:03:31]}
19. Rxc6 {[%clk 00:42:59]} Nd5 {[%clk 00:37:45]} {[%emt 00:01:34]} 20. Rfc1
{[%clk 00:42:01]} {[%emt 00:01:28]} Rd7 {[%clk 00:36:35]} {[%emt 00:01:41]} 21.
Kf2 {[%clk 00:36:33]} {[%emt 00:05:57]} Ne7 {[%clk 00:35:50]} {[%emt 00:01:16]}
22. R6c4 {[%clk 00:36:08]} {[%emt 00:00:55]} c6 {[%clk 00:35:37]} {[%emt
00:00:43]} 23. R1c2 {[%clk 00:33:57]} {[%emt 00:02:41]} f6 {[%clk 00:32:04]}
{[%emt 00:04:03]} 1/2-1/2